000 00433nam a2200169Ia 4500
003 GCL
008 140319s9999 xx 000 0 ara d
040 _aGCL /
_cGCL
082 0 4 _aد
_b050
100 1 _aعلى امين
245 1 0 _aدعاء ( اقرا 260 ) /
_cعلى امين
300 _a140 ص
490 _aاقرأ
_v0
650 0 4 _aالادب العربى
650 0 4 _aالمقالات الادبية
942 _2ddc
_cBK
999 _c49936
_d49936